| Tag |
First Indicator |
Second Indicator |
Subfields |
| LEADER |
00000cgm a2200000 a 4500 |
| 001 |
in00000028941 |
| 005 |
20151007054743.0 |
| 007 |
vf mbahou |
| 008 |
861117s1986 nju050 e vceng d |
| 035 |
|
|
|a (OCoLC)14758843
|
| 035 |
|
|
|9 AAB6123AM
|
| 040 |
|
|
|a MOU
|c MOU
|d TXA
|d UtOrBLW
|
| 049 |
|
|
|a TXAV
|c [A10153153]
|
| 050 |
|
4 |
|a BF685
|b .P444 1986
|
| 082 |
0 |
4 |
|a 150
|
| 090 |
|
|
|a HM1116
|b .P45 1986
|
| 245 |
0 |
0 |
|a Phil Donahue examines the human animal.
|p War and violence /
|c story by Phil Donahue ; script by Hank Whittemore ; producer, Phil Lewis ; director, Joel Banow.
|
| 246 |
3 |
0 |
|a Human animal
|
| 246 |
3 |
0 |
|a War and violence
|
| 264 |
|
1 |
|a Princeton, N.J. :
|b Films for the Humanities,
|c [1986]
|
| 264 |
|
4 |
|c ©1986
|
| 300 |
|
|
|a 1 videocassette (50 min.) :
|b sound, color with black and white sequences ;
|c 1/2 in. +
|e discussion guide.
|
| 336 |
|
|
|a two-dimensional moving image
|b tdi
|2 rdacontent
|
| 337 |
|
|
|a video
|b v
|2 rdamedia
|
| 338 |
|
|
|a videocassette
|b vf
|2 rdacarrier
|
| 538 |
|
|
|a VHS format.
|
| 508 |
|
|
|a Editor, Girish Bhargava.
|
| 500 |
|
|
|a Originally aired on NBC as part of the five-part series Phil Donahue examines the human animal.
|
| 520 |
|
|
|a Phil Donahue explores the role of violence in human behavior, and examines reasons for violence and war. Discusses male aggression, war games, examples of violence in recent wars, violence in sports, psychological effects of television violence, violent crime, urban gangs, terrorism, and violence against other races or religions. Includes comments from experts, soldiers, and ordinary people.
|
| 500 |
|
|
|a Discussion guide inserted in container.
|
| 500 |
|
|
|a Videorecording.
|
| 650 |
|
0 |
|a Violence.
|
| 650 |
|
0 |
|a War.
|
| 650 |
|
0 |
|a Aggressiveness.
|
| 650 |
|
0 |
|a Violence on television
|x Psychological aspects.
|
| 650 |
|
0 |
|a Violent crimes.
|
| 655 |
|
7 |
|a Educational television programs.
|2 lcgft
|
| 700 |
1 |
|
|a Banow, Joel.
|
| 700 |
1 |
|
|a Lewis, Phil.
|
| 700 |
1 |
|
|a Donahue, Phil.
|
| 710 |
2 |
|
|a Films for the Humanities (Firm)
|
| 730 |
0 |
|
|a Phil Donahue examines the human animal (Television program)
|
| 999 |
|
|
|a MARS
|
| 999 |
f |
f |
|s a71ab0b8-c9d6-3608-8c08-932404fec2a5
|i 673b3deb-6882-33e2-a7a8-c68fdf2125dc
|t 0
|
| 952 |
f |
f |
|p ric
|a Texas A&M University
|b Rellis Campus
|c Joint Library Facility
|d Remote Storage
|t 0
|e HM1116 .P45 1986
|h Library of Congress classification
|i video -- videocassette
|m A14810153153
|
| 998 |
f |
f |
|a HM1116 .P45 1986
|t 0
|l Remote Storage
|